[Event "GBR-ch107 U12"]
[Site "Milton Keynes"]
[Date "2021.10.02"]
[Round "1.4"]
[White "Subramanian, Anusha"]
[Black "Patel, Zain"]
[Result "0-1"]
[WhiteElo "1623"]
[BlackElo "1353"]
[PlyCount "110"]
[EventDate "2021.10.02"]
[EventType "swiss"]
[EventRounds "5"]
[EventCountry "GBR"]
[SourceTitle "BritBase"]
[Source "John Saunders"]
[SourceDate "2021.06.05"]
[SourceVersion "1"]
[SourceVersionDate "2021.06.05"]
[SourceQuality "1"]

1. Nf3 Nf6 2. c4 g6 3. g3 Bg7 4. Bg2 O-O 5. O-O d6 6. d4 Nbd7 7. Nc3 e5 8. e3
c6 9. b3 e4 10. Nd2 d5 11. Bb2 Re8 12. Rc1 Nf8 13. Qc2 Bf5 14. b4 Qd7 15. c5
Bh3 16. Ne2 Bxg2 17. Kxg2 Ne6 18. h4 Bh6 19. Qb3 Ng7 20. Rc3 Qg4 21. f3 exf3+
22. Rxf3 Nf5 23. Kf2 Ne4+ 24. Nxe4 dxe4 25. Rxf5 Qxf5+ 26. Nf4 Rad8 27. Qc4
Bxf4 28. exf4 Qh3 29. Bc1 Qh2+ 30. Kf1 Qh1+ 31. Kf2 Qd1 32. Qb3 Qxd4+ 33. Be3
Qd7 34. Rc1 Qg4 35. Rc3 Rd1 36. Bc1 Red8 37. Qc2 R8d3 38. Rxd3 exd3 39. Qb2
Rxc1 40. Qxc1 Qe2+ 41. Kg1 d2 42. Qb1 d1=R+ 43. Qxd1 Qxd1+ 44. Kf2 Qd3 45. a4
Kg7 46. b5 Kf6 47. b6 a6 48. g4 h5 49. g5+ Kf5 50. a5 Kxf4 51. Kg2 Qe3 52. Kh2
Qg3+ 53. Kh1 Qg4 54. Kh2 Kf3 55. Kh1 Qg2# 0-1

[Event "GBR-ch107 U12"]
[Site "Milton Keynes"]
[Date "2021.10.02"]
[Round "1.5"]
[White "Madhusudhan, Tanmay"]
[Black "Dupuis, Denis K"]
[Result "0-1"]
[WhiteElo "1338"]
[BlackElo "1599"]
[PlyCount "80"]
[EventDate "2021.10.02"]
[EventType "swiss"]
[EventRounds "5"]
[EventCountry "GBR"]
[SourceTitle "BritBase"]
[Source "John Saunders"]
[SourceDate "2021.06.05"]
[SourceVersion "1"]
[SourceVersionDate "2021.06.05"]
[SourceQuality "1"]

1. e4 e5 2. Nf3 Nc6 3. Bb5 f5 4. d3 fxe4 5. dxe4 Nf6 6. Bg5 Bc5 7. O-O d6 8.
Nc3 O-O 9. Nd5 Kh8 10. c3 Be6 11. Nxf6 gxf6 12. Bh6 Rg8 13. Re1 Qe8 14. Be3 Qg6
15. Bf1 Bb6 16. Qa4 Qg4 17. Nd2 f5 18. f3 Bxe3+ 19. Rxe3 Qg5 20. Rae1 f4 21.
R3e2 Rg6 22. Ra1 Rh6 23. Qd1 Qh4 24. g3 Rg8 25. Rg2 fxg3 26. hxg3 Rxg3 27. Qe1
Rxg2+ 28. Bxg2 Qf4 29. a3 Rg6 30. Kf1 Rh6 31. Qf2 Ne7 32. Ke2 b6 33. Rh1 Rxh1
34. Bxh1 Ng6 35. a4 Qh6 36. Qg1 Nf4+ 37. Kd1 Qh3 38. Kc2 Nh5 39. Qf1 Qxf1 40.
Nxf1 Bh3 0-1

[Event "GBR-ch107 U12"]
[Site "Milton Keynes"]
[Date "2021.10.02"]
[Round "1.6"]
[White "Li, Ethan Bingxuan"]
[Black "Badacsonyi, Stanley"]
[Result "1-0"]
[WhiteElo "1561"]
[BlackElo "1263"]
[PlyCount "153"]
[EventDate "2021.10.02"]
[EventType "swiss"]
[EventRounds "5"]
[EventCountry "GBR"]
[SourceTitle "BritBase"]
[Source "John Saunders"]
[SourceDate "2021.06.05"]
[SourceVersion "1"]
[SourceVersionDate "2021.06.05"]
[SourceQuality "1"]

1. e4 d5 2. exd5 Qxd5 3. Nc3 Qa5 4. d4 Nf6 5. Bc4 c6 6. Bd2 Qc7 7. Nge2 b5 8.
Bd3 e6 9. Bf4 Bd6 10. Bg3 Nbd7 11. O-O Bxg3 12. Nxg3 Bb7 13. Nce4 h5 14. Nc5
Nxc5 15. dxc5 Rd8 16. Qe2 Kf8 17. Ne4 Nxe4 18. Bxe4 Qe5 19. Rad1 Ke7 20. b4 Qc3
21. Qe1 Qe5 22. f4 Rxd1 23. fxe5 Rxe1 24. Rxe1 Rd8 25. Kf2 Rd4 26. a3 a6 27.
Ke3 Rd8 28. h4 Rd7 29. Bf3 g6 30. c3 Rd8 31. Rd1 Rxd1 32. Bxd1 f6 33. Bc2 f5
34. Kf4 Bc8 35. Kg5 Kf7 36. Kh6 Bd7 37. g3 Be8 38. Bd1 Kf8 39. a4 Kg8 40. axb5
axb5 41. Be2 Kf7 42. c4 bxc4 43. Bxc4 Bd7 44. Ba6 Be8 45. Kg5 Ke7 46. Kf4 Kf7
47. Bb7 Ke7 48. Ke3 Kd7 49. Kd4 Kc7 50. Ba6 Bd7 51. Kc3 Kb8 52. Kb3 Ka7 53. Be2
Bc8 54. Ka4 Kb8 55. Ka5 Ka7 56. b5 cxb5 57. Bxb5 g5 58. hxg5 f4 59. gxf4 h4 60.
Bf1 Bd7 61. Bh3 Kb7 62. g6 Be8 63. g7 Bf7 64. Kb5 Be8+ 65. Kc4 Bf7 66. Bg2+ Kc7
67. Kd4 Bg8 68. Ke3 Bf7 69. Be4 h3 70. Kf2 Bg8 71. Kg3 Kd7 72. Kxh3 Kc7 73. Kg4
Kd7 74. c6+ Kc7 75. Kg5 Kb6 76. Kf6 Kc7 77. Ke7 1-0

[Event "GBR-ch107 U12"]
[Site "Milton Keynes"]
[Date "2021.10.02"]
[Round "1.7"]
[White "Catabay, Mae C"]
[Black "Mittal, Aditya"]
[Result "1-0"]
[WhiteElo "1215"]
[BlackElo "1540"]
[PlyCount "101"]
[EventDate "2021.10.02"]
[EventType "swiss"]
[EventRounds "5"]
[EventCountry "GBR"]
[SourceTitle "BritBase"]
[Source "John Saunders"]
[SourceDate "2021.06.05"]
[SourceVersion "1"]
[SourceVersionDate "2021.06.05"]
[SourceQuality "1"]

1. e4 e5 2. f4 d6 3. Nf3 Nc6 4. Nc3 Nf6 5. d3 Bg4 6. Be2 Bxf3 7. Bxf3 g6 8. O-O
Bg7 9. Be3 O-O 10. Qd2 exf4 11. Bxf4 Nd4 12. Bg5 Qd7 13. Qf4 Ne6 14. Qh4 Nxg5
15. Qxg5 h6 16. Qg3 c6 17. d4 Rae8 18. Rad1 Qc7 19. Kh1 Nh7 20. Ne2 Ng5 21. Qg4
Qb6 22. b3 Ne6 23. c3 c5 24. d5 Nc7 25. Rc1 Re7 26. h4 Ne8 27. Ng3 Nf6 28. Qh3
Nd7 29. h5 Ne5 30. Bg4 Nd3 31. Rc2 Ne5 32. hxg6 Nxg6 33. Rcf2 Qd8 34. Bf5 Rc7
35. Bxg6 fxg6 36. Qe6+ Kh8 37. Qxg6 Qh4+ 38. Kg1 Rxf2 39. Rxf2 Qg5 40. Qxd6 Rc8
41. Nf5 Rg8 42. Nxg7 Rxg7 43. Qf6 Qc1+ 44. Kh2 Kh7 45. Rf3 Qd2 46. Qf5+ Kh8 47.
Qh3 Kh7 48. Rg3 Rf7 49. Qe6 Qf2 50. Qg6+ Kh8 51. Qg8# 1-0

[Event "GBR-ch107 U12"]
[Site "Milton Keynes"]
[Date "2021.10.02"]
[Round "2.1"]
[White "Shearsby, Jude"]
[Black "Hobson, Kenneth"]
[Result "1/2-1/2"]
[WhiteElo "1762"]
[BlackElo "1358"]
[PlyCount "83"]
[EventDate "2021.10.02"]
[EventType "swiss"]
[EventRounds "5"]
[EventCountry "GBR"]
[SourceTitle "BritBase"]
[Source "John Saunders"]
[SourceDate "2021.06.05"]
[SourceVersion "1"]
[SourceVersionDate "2021.06.05"]
[SourceQuality "1"]

1. e4 e5 2. Nf3 Nc6 3. Bb5 a6 4. Ba4 f5 5. Nc3 b5 6. Bb3 fxe4 7. Nxe4 d5 8. Nc3
Nf6 9. d3 Be7 10. Bg5 Be6 11. O-O O-O 12. Re1 Bc5 13. Ne4 Nxe4 14. dxe4 Be7 15.
Bxe7 Nxe7 16. exd5 Bxd5 17. Rxe5 Bxb3 18. Qxd8 Raxd8 19. axb3 Ng6 20. Re6 Rf6
21. Rxf6 gxf6 22. g3 Rd6 23. Kf1 Kf7 24. h4 h5 25. Rc1 Ne7 26. Ne1 Nc6 27. c4
b4 28. c5 Rd5 29. Rc4 a5 30. Rc2 Nd4 31. Rd2 c6 32. Rd3 Ke7 33. f3 f5 34. Kf2
Ne6 35. Rxd5 cxd5 36. Nd3 Nd4 37. Ke3 Nxb3 38. Kf4 Kf6 39. g4 fxg4 40. fxg4
hxg4 41. Kxg4 Nd4 42. h5 1/2-1/2

[Event "GBR-ch107 U12"]
[Site "Milton Keynes"]
[Date "2021.10.02"]
[Round "2.2"]
[White "Dupuis, Denis K"]
[Black "Catabay, Mae C"]
[Result "1-0"]
[WhiteElo "1599"]
[BlackElo "1215"]
[PlyCount "47"]
[EventDate "2021.10.02"]
[EventType "swiss"]
[EventRounds "5"]
[EventCountry "GBR"]
[SourceTitle "BritBase"]
[Source "John Saunders"]
[SourceDate "2021.06.05"]
[SourceVersion "1"]
[SourceVersionDate "2021.06.05"]
[SourceQuality "1"]

1. e4 e5 2. Nf3 Nf6 3. Nxe5 d6 4. Nf3 Nxe4 5. d4 d5 6. Bd3 Nd6 7. O-O Be7 8.
Re1 O-O 9. c3 Be6 10. Nbd2 Nd7 11. Qc2 Nf6 12. Ng5 h6 13. Nxe6 fxe6 14. Rxe6
Qd7 15. Re2 Rae8 16. Nf3 Nde4 17. Ne5 Qd6 18. f3 Ng5 19. h4 Ne6 20. Bg6 Rc8 21.
Bf5 Rfe8 22. Ng6 Bd8 23. Bd2 Rb8 24. Rae1 1-0

[Event "GBR-ch107 U12"]
[Site "Milton Keynes"]
[Date "2021.10.02"]
[Round "2.3"]
[White "Mokhber-Garcia, Sebastian"]
[Black "Li, Ethan Bingxuan"]
[Result "0-1"]
[WhiteElo "1128"]
[BlackElo "1561"]
[PlyCount "144"]
[EventDate "2021.10.02"]
[EventType "swiss"]
[EventRounds "5"]
[EventCountry "GBR"]
[SourceTitle "BritBase"]
[Source "John Saunders"]
[SourceDate "2021.06.05"]
[SourceVersion "1"]
[SourceVersionDate "2021.06.05"]
[SourceQuality "1"]

1. e4 c5 2. Nf3 Nc6 3. d4 cxd4 4. Nxd4 Qc7 5. Nc3 e6 6. Ndb5 Qb8 7. Nd4 Nf6 8.
Be3 Bb4 9. Bd3 O-O 10. O-O Bxc3 11. bxc3 d5 12. f3 e5 13. Nf5 Bxf5 14. exf5 d4
15. cxd4 exd4 16. Bg5 Qd6 17. Be4 Nxe4 18. fxe4 f6 19. Bf4 Qc5 20. Qd3 Nb4 21.
Qb3+ Kh8 22. Kh1 a5 23. Rac1 Qe7 24. a3 Na6 25. Qd3 Rfd8 26. Rfe1 Nc5 27. Qf3
d3 28. Bd2 dxc2 29. Rxc2 Nd3 30. Ra1 Ne5 31. Qb3 Ng4 32. Re1 Rac8 33. Bxa5 Qe5
34. g3 Qxa5 35. Rec1 Rxc2 36. Qxc2 Qxa3 37. h3 Qf3+ 38. Qg2 Rd1+ 39. Rxd1 Qxd1+
40. Qg1 Nf2+ 41. Kg2 Qxg1+ 42. Kxg1 Nxe4 43. g4 b5 44. Kf1 b4 45. Ke2 b3 46.
Kd3 Nf2+ 47. Kc3 Nxh3 48. Kxb3 Nf2 49. Kc3 Nxg4 50. Kd4 h5 51. Ke4 h4 52. Kf3
h3 53. Kg3 h2 54. Kg2 Ne3+ 55. Kxh2 Nxf5 56. Kh3 g5 57. Kg4 Nh6+ 58. Kh5 g4 59.
Kh4 f5 60. Kg3 Kg7 61. Kf4 Kf6 62. Kg3 Kg5 63. Kg2 Kf4 64. Kf2 g3+ 65. Kg2 Kg4
66. Kg1 Kf3 67. Kf1 g2+ 68. Kg1 Nf7 69. Kh2 Kf2 70. Kh3 g1=Q 71. Kh4 Qg5+ 72.
Kh3 Qg3# 0-1

[Event "GBR-ch107 U12"]
[Site "Milton Keynes"]
[Date "2021.10.02"]
[Round "2.4"]
[White "Patel, Zain"]
[Black "Pal, Rohan"]
[Result "1-0"]
[WhiteElo "1353"]
[BlackElo "1759"]
[PlyCount "123"]
[EventDate "2021.10.02"]
[EventType "swiss"]
[EventRounds "5"]
[EventCountry "GBR"]
[SourceTitle "BritBase"]
[Source "John Saunders"]
[SourceDate "2021.06.05"]
[SourceVersion "1"]
[SourceVersionDate "2021.06.05"]
[SourceQuality "1"]

1. d4 Nf6 2. c4 e6 3. Nc3 d5 4. cxd5 exd5 5. Bg5 c6 6. e3 Be7 7. Bd3 O-O 8. Qc2
Nbd7 9. Nge2 Re8 10. O-O Nf8 11. f3 Ng6 12. e4 dxe4 13. fxe4 Ng4 14. Bxe7 Qxe7
15. Rf3 Qc7 16. e5 c5 17. Nb5 Qc6 18. Nd6 Re7 19. Be4 Qc7 20. Raf1 cxd4 21.
Qxc7 Rxc7 22. Rxf7 Rxf7 23. Bd5 N4xe5 24. Nxf7 Nxf7 25. Bxf7+ Kh8 26. Bxg6 hxg6
27. Rf8+ Kh7 28. Nxd4 a6 29. Ne6 Bxe6 30. Rxa8 Bxa2 31. h4 Bd5 32. Kf2 Bc6 33.
g4 Bd5 34. Ke3 g5 35. h5 g6 36. Rd8 Bc6 37. hxg6+ Kxg6 38. b4 Bg2 39. Kd3 Kf6
40. Kc4 Ke5 41. Rf8 Be4 42. Kc5 Bg6 43. Kb6 Be4 44. Re8+ Kf4 45. Rxe4+ Kxe4 46.
Kxb7 Kf4 47. Kxa6 Kxg4 48. b5 Kf3 49. b6 g4 50. b7 g3 51. b8=Q Kf2 52. Qf4+ Kg2
53. Kb5 Kh1 54. Qh4+ Kg2 55. Kc4 Kf2 56. Kd3 Kf3 57. Kd2 Kf2 58. Qf4+ Kg2 59.
Ke2 Kh1 60. Qf3+ Kh2 61. Kf1 Kh3 62. Qh5# 1-0

[Event "GBR-ch107 U12"]
[Site "Milton Keynes"]
[Date "2021.10.02"]
[Round "2.5"]
[White "Pert, Max P"]
[Black "Subramanian, Anusha"]
[Result "1-0"]
[WhiteElo "1485"]
[BlackElo "1623"]
[PlyCount "107"]
[EventDate "2021.10.02"]
[EventType "swiss"]
[EventRounds "5"]
[EventCountry "GBR"]
[SourceTitle "BritBase"]
[Source "John Saunders"]
[SourceDate "2021.06.05"]
[SourceVersion "1"]
[SourceVersionDate "2021.06.05"]
[SourceQuality "1"]

1. e4 c6 2. c4 d5 3. exd5 cxd5 4. cxd5 Nf6 5. Nc3 Nxd5 6. Nf3 Nxc3 7. bxc3 Bf5
8. d4 a6 9. Bd3 Bxd3 10. Qxd3 e6 11. O-O Be7 12. Rb1 Qc7 13. Qe4 Nc6 14. Bf4
Bd6 15. Bxd6 Qxd6 16. Rxb7 Rc8 17. Rb6 Qc7 18. Rfb1 O-O 19. Ng5 g6 20. Qh4 h5
21. Ne4 Rb8 22. Rxb8 Rxb8 23. Rf1 Na7 24. Qg5 Kg7 25. Nf6 Rh8 26. Ne4 Rb8 27.
f4 Nb5 28. Qe5+ Qxe5 29. fxe5 Rc8 30. Rf3 Rc4 31. h4 a5 32. Kf2 Na7 33. Nd6 Ra4
34. Rxf7+ Kg8 35. Rxa7 Rxa2+ 36. Kg3 a4 37. Nc4 Rc2 38. Rxa4 Rxc3+ 39. Kf4 Rc2
40. Kg5 Rxg2+ 41. Kf6 Rg4 42. Kxe6 Rxh4 43. d5 Rd4 44. d6 h4 45. d7 h3 46. Nd6
Rxa4 47. d8=Q+ Kg7 48. Qf6+ Kh7 49. Qf7+ Kh6 50. Qf8+ Kh7 51. Nf7 Ra6+ 52. Kd5
Ra5+ 53. Kc6 Ra8 54. Ng5# 1-0

[Event "GBR-ch107 U12"]
[Site "Milton Keynes"]
[Date "2021.10.02"]
[Round "2.6"]
[White "Zheng, Harry Z"]
[Black "Dasgupta, Avyukt"]
[Result "1/2-1/2"]
[WhiteElo "1685"]
[BlackElo "1491"]
[PlyCount "110"]
[EventDate "2021.10.02"]
[EventType "swiss"]
[EventRounds "5"]
[EventCountry "GBR"]
[SourceTitle "BritBase"]
[Source "John Saunders"]
[SourceDate "2021.06.05"]
[SourceVersion "1"]
[SourceVersionDate "2021.06.05"]
[SourceQuality "1"]

1. e4 e6 2. d4 d5 3. Nd2 dxe4 4. Nxe4 Bd7 5. Nf3 Bc6 6. Bd3 Nd7 7. O-O Ngf6 8.
Ng3 Bd6 9. Re1 Bxf3 10. Qxf3 c6 11. Nf5 Bf8 12. Bf4 Nb6 13. Bg5 Qd5 14. Qe2
O-O-O 15. c4 Qd7 16. c5 Nbd5 17. Ng3 h6 18. Bd2 Nc7 19. Bc3 Bxc5 20. dxc5 Qxd3
21. Qe5 Nb5 22. Ba5 Rd5 23. Qf4 Qd4 24. Ne4 Rf5 25. Nd6+ Qxd6 26. Qxf5 exf5 27.
cxd6 Nxd6 28. Rad1 Kd7 29. Bb4 Nd5 30. Bxd6 Kxd6 31. g3 h5 32. Kg2 g6 33. Kf3
a6 34. Rd2 Kd7 35. Rde2 Rg8 36. Re5 f6 37. R5e2 Rf8 38. h3 Rh8 39. Kg2 g5 40.
h4 gxh4 41. Kf3 hxg3 42. fxg3 Rg8 43. Rh2 f4 44. gxf4 Rg4 45. Re4 f5 46. Rd4 h4
47. b4 Kd6 48. a4 b6 49. Rhd2 b5 50. axb5 axb5 51. Rc2 Rg3+ 52. Kf2 Rb3 53.
Rcd2 Ke6 54. Re2+ Kf6 55. Ra2 Rxb4 1/2-1/2

[Event "GBR-ch107 U12"]
[Site "Milton Keynes"]
[Date "2021.10.02"]
[Round "2.7"]
[White "Mittal, Aditya"]
[Black "Madhusudhan, Tanmay"]
[Result "0-1"]
[WhiteElo "1540"]
[BlackElo "1338"]
[PlyCount "134"]
[EventDate "2021.10.02"]
[EventType "swiss"]
[EventRounds "5"]
[EventCountry "GBR"]
[SourceTitle "BritBase"]
[Source "John Saunders"]
[SourceDate "2021.06.05"]
[SourceVersion "1"]
[SourceVersionDate "2021.06.05"]
[SourceQuality "1"]

1. b3 d5 2. Bb2 c5 3. e3 Nc6 4. Nf3 Bf5 5. Bb5 a6 6. Bxc6+ bxc6 7. O-O e6 8. d4
Nf6 9. Nbd2 Bd6 10. dxc5 Bxc5 11. Nh4 Bg6 12. Nxg6 hxg6 13. Nf3 O-O 14. Nd4 Qc7
15. Qd2 e5 16. Nf3 Bd6 17. g3 Rfe8 18. Rad1 Qd7 19. Kg2 Ne4 20. Qe2 f5 21. Nd2
Ng5 22. h4 Nh7 23. Rh1 Nf6 24. c4 Qb7 25. Nf3 a5 26. Qc2 a4 27. Nd2 Re6 28. Nf3
Nd7 29. h5 Rf8 30. hxg6 Rxg6 31. Nh4 Rg5 32. Nf3 Rg4 33. Rh5 e4 34. Nd2 Nc5 35.
Rdh1 f4 36. Rh8+ Kf7 37. Rxf8+ Kxf8 38. exf4 Nd3 39. Bc3 Nxf4+ 40. Kf1 Nd3 41.
Qd1 Qf7 42. Rh2 Rxg3 43. Qh5 Rg6 44. Rg2 Rxg2 45. Qxf7+ Kxf7 46. Kxg2 a3 47.
cxd5 cxd5 48. Nb1 Nc1 49. Nxa3 Bxa3 50. b4 Nxa2 51. b5 Nxc3 52. b6 Bd6 53. b7
Na4 54. b8=Q Bxb8 55. f3 Ke6 56. fxe4 dxe4 57. Kh3 Nc3 58. Kg4 e3 59. Kg5 e2
60. Kg6 Be5 61. Kh7 e1=Q 62. Kh8 Qh4+ 63. Kg8 Qd8+ 64. Kh7 Qf6 65. Kg8 Ne4 66.
Kh7 Ng5+ 67. Kh8 Qf8# 0-1

[Event "GBR-ch107 U12"]
[Site "Milton Keynes"]
[Date "2021.10.02"]
[Round "3.1"]
[White "Li, Ethan Bingxuan"]
[Black "Patel, Zain"]
[Result "1/2-1/2"]
[WhiteElo "1561"]
[BlackElo "1353"]
[PlyCount "62"]
[EventDate "2021.10.02"]
[EventType "swiss"]
[EventRounds "5"]
[EventCountry "GBR"]
[SourceTitle "BritBase"]
[Source "John Saunders"]
[SourceDate "2021.06.05"]
[SourceVersion "1"]
[SourceVersionDate "2021.06.05"]
[SourceQuality "1"]

1. e4 e5 2. Nf3 Nc6 3. Bb5 a6 4. Ba4 Nf6 5. d3 d6 6. h3 Bd7 7. c3 Be7 8. O-O
O-O 9. Re1 Re8 10. Nbd2 Bf8 11. d4 g6 12. dxe5 Nxe5 13. Nxe5 dxe5 14. Bc2 Nh5
15. Nf3 Bb5 16. Bg5 Qxd1 17. Raxd1 Bc5 18. Be3 Bxe3 19. Rxe3 h6 20. Rd5 f6 21.
g3 Bc6 22. Rd2 Rad8 23. Bb3+ Kg7 24. Bd5 Bxd5 25. Rxd5 c6 26. Rdd3 Rxd3 27.
Rxd3 Re7 28. Nd2 f5 29. Kf1 Nf6 30. f3 fxe4 31. Nxe4 Nxe4 1/2-1/2

[Event "GBR-ch107 U12"]
[Site "Milton Keynes"]
[Date "2021.10.02"]
[Round "3.2"]
[White "Shearsby, Jude"]
[Black "Dupuis, Denis K"]
[Result "0-1"]
[WhiteElo "1762"]
[BlackElo "1599"]
[PlyCount "76"]
[EventDate "2021.10.02"]
[EventType "swiss"]
[EventRounds "5"]
[EventCountry "GBR"]
[SourceTitle "BritBase"]
[Source "John Saunders"]
[SourceDate "2021.06.05"]
[SourceVersion "1"]
[SourceVersionDate "2021.06.05"]
[SourceQuality "1"]

1. e4 e5 2. Nf3 Nc6 3. Bb5 f5 4. Nc3 fxe4 5. Nxe4 Nf6 6. Nxf6+ Qxf6 7. O-O Be7
8. Re1 O-O 9. d3 h6 10. Qe2 d6 11. Bxc6 bxc6 12. d4 Bg4 13. dxe5 Qg6 14. Qe4
Qxe4 15. Rxe4 Bxf3 16. gxf3 Rxf3 17. Rf4 Rf8 18. Rxf3 Rxf3 19. Kg2 Rf5 20. exd6
cxd6 21. Be3 a6 22. Rd1 d5 23. c3 Kf7 24. Rd4 Rf6 25. Rf4 Rxf4 26. Bxf4 Ke6 27.
Kf3 Kf5 28. Bc7 Bf6 29. Bb6 g5 30. Bc7 g4+ 31. Ke2 Ke4 32. Bg3 h5 33. Bd6 h4
34. Bc7 Bg5 35. Kf1 Kd3 36. Ba5 h3 37. Bb4 Bf4 38. Kg1 Be5 0-1

[Event "GBR-ch107 U12"]
[Site "Milton Keynes"]
[Date "2021.10.02"]
[Round "3.3"]
[White "Hobson, Kenneth"]
[Black "Pert, Max P"]
[Result "1-0"]
[WhiteElo "1358"]
[BlackElo "1485"]
[PlyCount "83"]
[EventDate "2021.10.02"]
[EventType "swiss"]
[EventRounds "5"]
[EventCountry "GBR"]
[SourceTitle "BritBase"]
[Source "John Saunders"]
[SourceDate "2021.06.05"]
[SourceVersion "1"]
[SourceVersionDate "2021.06.05"]
[SourceQuality "1"]

1. e4 c6 2. d4 d5 3. exd5 cxd5 4. Bd3 Nc6 5. Nf3 Qc7 6. h3 e6 7. c3 Bd6 8. O-O
Bd7 9. Re1 h6 10. Qe2 Nf6 11. Nbd2 Nh5 12. Nf1 Nf4 13. Bxf4 Bxf4 14. Ne5 Nxe5
15. dxe5 Bg5 16. Qg4 O-O 17. f4 Be7 18. Ng3 Be8 19. f5 Bc5+ 20. Kh1 Kh8 21. Nh5
Rg8 22. fxe6 fxe6 23. Nf4 g5 24. Nxe6 Qe7 25. Nxc5 Qxc5 26. Rf1 Bg6 27. Qe6 Qc6
28. Qxc6 bxc6 29. Bxg6 Rxg6 30. Rf7 Re6 31. Re1 Rae8 32. Rxa7 Rxe5 33. Rxe5
Rxe5 34. Rc7 Re6 35. a4 h5 36. a5 g4 37. hxg4 hxg4 38. Kh2 Re3 39. a6 g3+ 40.
Kh3 Re1 41. a7 Re8 42. Rb7 1-0

[Event "GBR-ch107 U12"]
[Site "Milton Keynes"]
[Date "2021.10.02"]
[Round "3.4"]
[White "Madhusudhan, Tanmay"]
[Black "Catabay, Mae C"]
[Result "0-1"]
[WhiteElo "1338"]
[BlackElo "1215"]
[PlyCount "64"]
[EventDate "2021.10.02"]
[EventType "swiss"]
[EventRounds "5"]
[EventCountry "GBR"]
[SourceTitle "BritBase"]
[Source "John Saunders"]
[SourceDate "2021.06.05"]
[SourceVersion "1"]
[SourceVersionDate "2021.06.05"]
[SourceQuality "1"]

1. e4 c5 2. Nf3 Nc6 3. d4 cxd4 4. Nxd4 Nf6 5. Nc3 d6 6. f3 g6 7. Be3 Bg7 8. Qd2
O-O 9. O-O-O Bd7 10. g4 Rc8 11. h4 h5 12. gxh5 Nxh5 13. Rg1 a6 14. Be2 Ne5 15.
Nb3 b5 16. Kb1 a5 17. Nd5 a4 18. Nc1 Rb8 19. Rg2 Nc4 20. Bxc4 bxc4 21. c3 a3
22. b3 cxb3 23. axb3 a2+ 24. Kxa2 e6 25. Nb4 Qa5+ 26. Kb1 Rxb4 27. Qxd6 Rb7 28.
Bd4 e5 29. Be3 Ra8 30. Ra2 Rxb3+ 31. Nxb3 Qxa2+ 32. Kc1 Qxb3 0-1

[Event "GBR-ch107 U12"]
[Site "Milton Keynes"]
[Date "2021.10.02"]
[Round "3.5"]
[White "Badacsonyi, Stanley"]
[Black "Mokhber-Garcia, Sebastian"]
[Result "1-0"]
[WhiteElo "1263"]
[BlackElo "1128"]
[PlyCount "51"]
[EventDate "2021.10.02"]
[EventType "swiss"]
[EventRounds "5"]
[EventCountry "GBR"]
[SourceTitle "BritBase"]
[Source "John Saunders"]
[SourceDate "2021.06.05"]
[SourceVersion "1"]
[SourceVersionDate "2021.06.05"]
[SourceQuality "1"]

1. d4 d5 2. Nc3 Nf6 3. Bf4 Bf5 4. f3 e6 5. g4 Bg6 6. h4 h5 7. g5 Nfd7 8. e3 c5
9. Bd3 Bxd3 10. Qxd3 Nc6 11. Nge2 Qb6 12. O-O-O Nb4 13. Qd2 c4 14. a3 Nc6 15.
e4 dxe4 16. fxe4 a5 17. d5 Ncb8 18. dxe6 fxe6 19. Na4 Qc6 20. Nac3 e5 21. Bxe5
Nxe5 22. Qd8+ Kf7 23. Rhf1+ Kg6 24. Rxf8 Rxf8 25. Qxf8 Qc7 26. Qf5# 1-0

[Event "GBR-ch107 U12"]
[Site "Milton Keynes"]
[Date "2021.10.02"]
[Round "3.6"]
[White "Pal, Rohan"]
[Black "Zheng, Harry Z"]
[Result "1-0"]
[WhiteElo "1759"]
[BlackElo "1685"]
[PlyCount "93"]
[EventDate "2021.10.02"]
[EventType "swiss"]
[EventRounds "5"]
[EventCountry "GBR"]
[SourceTitle "BritBase"]
[Source "John Saunders"]
[SourceDate "2021.06.05"]
[SourceVersion "1"]
[SourceVersionDate "2021.06.05"]
[SourceQuality "1"]

1. e4 e5 2. Nc3 Nf6 3. g3 Bb4 4. Nge2 c6 5. Bg2 O-O 6. O-O d5 7. d3 h6 8. h3 d4
9. Nb1 c5 10. f4 Nc6 11. f5 b5 12. a4 Qb6 13. axb5 Qxb5 14. b3 a5 15. g4 Nh7
16. h4 f6 17. Ng3 a4 18. g5 a3 19. g6 a2 20. Qg4 axb1=Q 21. Rxb1 Qb7 22. Nh5
Ng5 23. hxg5 fxg5 24. Qh3 Qe7 25. Rf3 Ba3 26. Ra1 Bxc1 27. Rxa8 Na7 28. f6 Bxh3
29. fxe7 Rxa8 30. Rf7 Be3+ 31. Kh2 Bf4+ 32. Kxh3 g4+ 33. Kxg4 Bg5 34. Rxg7+ Kh8
35. e8=Q+ Rxe8 36. Rxa7 Kg8 37. g7 Rc8 38. Kf5 c4 39. bxc4 Re8 40. Bh3 Rc8 41.
Nf6+ Bxf6 42. Kxf6 Rc6+ 43. Be6+ Rxe6+ 44. Kxe6 h5 45. Kf6 h4 46. Kg6 h3 47.
Ra8# 1-0

[Event "GBR-ch107 U12"]
[Site "Milton Keynes"]
[Date "2021.10.02"]
[Round "3.7"]
[White "Dasgupta, Avyukt"]
[Black "Mittal, Aditya"]
[Result "1-0"]
[WhiteElo "1491"]
[BlackElo "1540"]
[PlyCount "131"]
[EventDate "2021.10.02"]
[EventType "swiss"]
[EventRounds "5"]
[EventCountry "GBR"]
[SourceTitle "BritBase"]
[Source "John Saunders"]
[SourceDate "2021.06.05"]
[SourceVersion "1"]
[SourceVersionDate "2021.06.05"]
[SourceQuality "1"]

1. d4 Nf6 2. Bf4 d5 3. e3 c6 4. Nf3 Bg4 5. Nbd2 Nbd7 6. Bd3 e6 7. c3 Be7 8. O-O
O-O 9. Re1 Re8 10. Qc2 Rc8 11. h3 Bh5 12. Qb3 b6 13. Ba6 Ra8 14. Bb7 c5 15.
Bxa8 Qxa8 16. Ne5 Nf8 17. Qc2 h6 18. a4 Rc8 19. Ndf3 Ne4 20. Nd2 f6 21. Nef3 g5
22. Bh2 Qb7 23. Nxe4 dxe4 24. Nd2 f5 25. Qb3 Rd8 26. Be5 Rd7 27. Ra2 Qc8 28.
Rea1 Qe8 29. Nf1 Qg6 30. Ng3 g4 31. hxg4 Bxg4 32. a5 h5 33. axb6 axb6 34. Ra7
h4 35. Rxd7 Nxd7 36. Ra8+ Kf7 37. Qb5 Nxe5 38. dxe5 hxg3 39. Qe8+ Kg7 40. Qxe7+
Qf7 41. Qxf7+ Kxf7 42. fxg3 Be2 43. Rb8 b5 44. Rc8 Ke7 45. Rxc5 Kd7 46. Kf2 Bd3
47. Ke1 Kd8 48. Kd2 Kd7 49. b4 Kd8 50. c4 Bxc4 51. Rxc4 bxc4 52. Kc3 Kc7 53.
Kxc4 Kc6 54. b5+ Kb6 55. Kb4 Kb7 56. Kc5 Kc7 57. b6+ Kb7 58. Kb5 Kb8 59. Kc6 f4
60. gxf4 Kc8 61. b7+ Kb8 62. f5 exf5 63. Kb6 f4 64. e6 fxe3 65. e7 e2 66. e8=R#
1-0

[Event "GBR-ch107 U12"]
[Site "Milton Keynes"]
[Date "2021.10.03"]
[Round "4.1"]
[White "Dupuis, Denis K"]
[Black "Li, Ethan Bingxuan"]
[Result "1/2-1/2"]
[WhiteElo "1599"]
[BlackElo "1561"]
[PlyCount "39"]
[EventDate "2021.10.02"]
[EventType "swiss"]
[EventRounds "5"]
[EventCountry "GBR"]
[SourceTitle "BritBase"]
[Source "John Saunders"]
[SourceDate "2021.06.05"]
[SourceVersion "1"]
[SourceVersionDate "2021.06.05"]
[SourceQuality "1"]

1. e4 c5 2. Nc3 e6 3. f4 Nc6 4. Nf3 Nge7 5. d4 cxd4 6. Nxd4 Nxd4 7. Qxd4 Nc6 8.
Qf2 Bb4 9. Bd2 O-O 10. Bd3 d5 11. exd5 exd5 12. O-O d4 13. Ne4 Bf5 14. a3 Bxe4
15. Bxe4 Bxd2 16. Qxd2 Qb6 17. Qd3 h6 18. b3 Rac8 19. Rad1 Rfd8 20. Kh1 1/2-1/2